Sociálne inovácie v činnosti neziskových organizácií diplomová práca

Saved in:
Bibliographic Details
Main Author: Dobrík, Adam
Corporate Author: Fakulta podnikového manažmentu EU. Katedra podnikovohospodárska
Other Authors: Bukovová, Sylvia, 1959-
Format: Book
Language:Slovak
Published: Bratislava 2017
Tags: Add Tag
No Tags, Be the first to tag this record!

MARC

LEADER 00000nbm a2200000 4500
001 0232559
005 20171030105337.9
041 0 |a slo 
044 |a SK 
245 1 0 |a Sociálne inovácie v činnosti neziskových organizácií  |b diplomová práca  |c Adam Dobrík ; školiteľ: Sylvia Bukovová 
264 1 |a Bratislava  |c 2017 
300 |a 89 s. 
100 1 |a Dobrík, Adam 
700 1 |a Bukovová, Sylvia, 1959- 
710 2 |a Fakulta podnikového manažmentu EU. Katedra podnikovohospodárska